| 000 | 00608nam a2200229Ia 4500 | ||
|---|---|---|---|
| 003 | OSt | ||
| 005 | 20220928123925.0 | ||
| 006 | a|||||r|||| 00| 0 | ||
| 007 | ta | ||
| 008 | 220927b |||||||| |||| 00| 0 eng d | ||
| 024 | _a35308 | ||
| 037 | _cReference Collections | ||
| 040 |
_aSDCL _cSDCL _beng |
||
| 041 |
_2eng _aeng |
||
| 082 | _aV73fN3, J3 RR | ||
| 245 | 0 | _aHistorical atlas of the United States. | |
| 250 | _arev. | ||
| 260 |
_aNew York _b Henry Holt _c1953 |
||
| 300 |
_axv,238p _ccm. |
||
| 942 |
_hV73fN3, J3 RR _cREF _2CC |
||
| 999 |
_c775317 _d775317 |
||